<?xml version="1.0" encoding="UTF-8"?>
<record
    xmlns:xsi="http://www.w3.org/2001/XMLSchema-instance"
    xsi:schemaLocation="http://www.loc.gov/MARC21/slim http://www.loc.gov/standards/marcxml/schema/MARC21slim.xsd"
    xmlns="http://www.loc.gov/MARC21/slim">

  <leader>00767nam a2200205 i 4500</leader>
  <controlfield tag="001">54861</controlfield>
  <controlfield tag="003">ES-MaACL</controlfield>
  <controlfield tag="005">20251201163835.0</controlfield>
  <controlfield tag="007">t|</controlfield>
  <controlfield tag="008">040120s1837    sp           ||||1| spa d</controlfield>
  <datafield tag="100" ind1="0" ind2=" ">
    <subfield code="a">Diego de Noche </subfield>
    <subfield code="c">seud.</subfield>
    <subfield code="9">202882</subfield>
  </datafield>
  <datafield tag="245" ind1="1" ind2="0">
    <subfield code="a">Placeme de Don Diego de Noche al Excmo. Sr. D. Jos&#xE9; Mar&#xED;a Calatrava, con motivo de su enfermedad.</subfield>
  </datafield>
  <datafield tag="260" ind1=" " ind2=" ">
    <subfield code="a">Madrid : </subfield>
    <subfield code="b">[s.n.], </subfield>
    <subfield code="c">1837 (</subfield>
    <subfield code="f">Imp. de la Compa&#xF1;&#xED;a Tipogr&#xE1;fica)</subfield>
  </datafield>
  <datafield tag="300" ind1=" " ind2=" ">
    <subfield code="a">31 p. ; </subfield>
    <subfield code="c">18 cm.</subfield>
  </datafield>
  <datafield tag="594" ind1=" " ind2=" ">
    <subfield code="a">Anotaci&#xF3;n manuscrita &#xBF;Bartolom&#xE9; Jos&#xE9; Gallardo?</subfield>
  </datafield>
  <datafield tag="600" ind1="1" ind2="7">
    <subfield code="a">Calatrava, Jos&#xE9; Mar&#xED;a, </subfield>
    <subfield code="d">1781-1846</subfield>
    <subfield code="2"></subfield>
    <subfield code="9">153278</subfield>
  </datafield>
  <datafield tag="651" ind1=" " ind2="4">
    <subfield code="a">Espa&#xF1;a-</subfield>
    <subfield code="x">Historia-</subfield>
    <subfield code="z">1833-1840, Regencia de Mar&#xED;a Cristina de Borb&#xF3;n</subfield>
    <subfield code="9">8252</subfield>
  </datafield>
  <datafield tag="852" ind1="4" ind2=" ">
    <subfield code="a">ES-MaACL</subfield>
    <subfield code="j">T-23-F-3</subfield>
  </datafield>
  <datafield tag="999" ind1=" " ind2=" ">
    <subfield code="c">54861</subfield>
    <subfield code="d">54861</subfield>
  </datafield>
  <datafield tag="952" ind1=" " ind2=" ">
    <subfield code="0">0</subfield>
    <subfield code="1">0</subfield>
    <subfield code="4">0</subfield>
    <subfield code="7">0</subfield>
    <subfield code="8">Colecci&#xF3;n_de_folletos</subfield>
    <subfield code="a">ATENEOM</subfield>
    <subfield code="b">ATENEOM</subfield>
    <subfield code="c">DEPOF</subfield>
    <subfield code="d">2008-01-17</subfield>
    <subfield code="e">SC</subfield>
    <subfield code="l">0</subfield>
    <subfield code="o">T-23-F-3</subfield>
    <subfield code="p">1057649</subfield>
    <subfield code="r">2023-02-23 00:00:00</subfield>
    <subfield code="w">2023-02-23</subfield>
    <subfield code="y">FOLLETOS</subfield>
  </datafield>
</record>
